Every Ring 3 Tower - Statistics

General Stats
  • This quiz has been taken 4 times
  • The average score is 9 of 12
Answer Stats
Difficulty Tower % Correct
Challenging Tower of {Despair}
100%
Hard Tower of {Fatness}
100%
Difficult Tower of {Lotsa Damage}
100%
Difficult Tower of {Wall Hugging}
100%
Intense Citadel of {Heights and Depths}
67%
Medium Tower of {Ancient Trickery}
67%
Insane Tower of {Confusion}
67%
Easy Tower of {Funny Thoughts}
67%
Medium Tower of {Inverted Colours}
67%
Difficult Tower of {Slight Inconvenience}
67%
Hard Tower of {Winning Every Run}
67%
Medium Tower of {Deep Sighing}
33%
No matching quizzes found
Score Distribution
Percent of People with Each Score
Percentile by Number Answered
Your Score History
You have not taken this quiz